Länder mit dem höchsten Teekonsum pro Kopf - Statistiken

Allgemein
  • Dieses Quiz wurde 183 mal gespielt
  • Das Durchschnittsergebnis liegt bei 19 aus 30
Antwortstatistiken
Platz Land Teekonsum im Jahr % Korrekt
3. Vereinigtes Königreich 1,94 kg
97%
19. China 0,57 kg
94%
17. Deutschland 0,69 kg
93%
27. Indien 0,33 kg
92%
11. Japan 0,97 kg
89%
1. Türkei 3,16 kg
85%
5. Russland 1,38 kg
83%
2. Irland 2,19 kg
79%
20. Kanada 0,51 kg
78%
15. Australien 0,75 kg
74%
4. Iran 1,5 kg
72%
28. Schweden 0,29 kg
67%
6. Marokko 1,22 kg
63%
7. Neuseeland 1,19 kg
63%
9. Ägypten 1,01 kg
61%
23. Schweiz 0,44 kg
61%
14. Niederlande 0,78 kg
59%
12. Saudi-Arabien 0,9 kg
58%
22. Indonesien 0,46 kg
56%
10. Polen 1 kg
53%
18. Ukraine 0,58 kg
53%
13. Südafrika 0,81 kg
51%
28. Taiwan 0,29 kg
49%
24. Tschechien 0,42 kg
46%
16. Vereinigte Arabische Emirate 0,72 kg
44%
21. Malaysia 0,48 kg
42%
26. Slowakei 0,36 kg
39%
30. Ungarn 0,28 kg
39%
7. Chile 1,19 kg
35%
25. Singapur 0,37 kg
35%
Keine übereinstimmenden Quizze gefunden
Verteilung der Resultate
Anzahl Personen mit jedem Resultat
Perzentil nach korrekt beantworteten Fragen
Ihre Resultats-Entwicklung
Sie haben dieses Quiz noch nicht gespielt